Manual de moral i de economía política, para el uso de las clases obreras

Uloženo v:
Podrobná bibliografie
Hlavní autor: Cruchaga, Miguel (Autor)
Médium: Kniha
Jazyk:španělština
Vydáno: Valparaíso Del Comercio 1860
Vydání:1a. ed
Témata:
Tagy: Přidat tag
Žádné tagy, Buďte první, kdo vytvoří štítek k tomuto záznamu!

MARC

LEADER 00000nam a2200000 a 4500
001 UCR1210
003 CL-VaPUC
008 971212e18600000CL |||||||||||||||||spa|d
082 0 4 |a 344.01  |b CRU  |2 21 
100 0 |a Cruchaga, Miguel  |e author  |9 398152 
245 1 0 |a Manual de moral i de economía política, para el uso de las clases obreras 
250 |a 1a. ed 
300 |a 252 p 
942 |c BK 
945 |d 19971212 00:00:00  |a cmena 
260 |a Valparaíso  |b Del Comercio  |c 1860 
650 7 |a DERECHO LABORAL  |2 CL-VaPUC  |9 15 
650 0 |a Etica y derecho  |9 341370 
650 7 |a DERECHO CHILENO  |2 CL-VaPUC  |9 398153 
650 0 |a Clase obrera  |9 317035 
650 0 |a Filosofía del derecho   |9 255050 
583 |a last modification  |c 20170720 03:50:50  |k Rodrigo Vera 
999 |c 264687  |d 264685 
952 |0 0  |1 0  |4 0  |6 344_010000000000000_CRU_1860  |7 0  |8 DER_HDC  |9 295077  |a BIBDER  |b BIBDER  |d 2019-11-19  |i 1921630  |l 1  |o 344.01 CRU 1860  |p 1921630  |r 2023-01-25  |s 2020-03-19  |w 2019-11-19  |x Ubicación 4to Piso  |y BK_X  |z Estos recursos deben solicitarse con anticipación  |k DER 
952 |0 0  |1 0  |4 0  |6 344_010000000000000_CRU_1860  |7 0  |8 X  |9 295078  |a FDOBUD  |b FDOBUD  |d 2019-11-19  |i 1067613  |o 344.01 CRU 1860  |p 1067613  |r 2019-11-19  |w 2019-11-19  |y BK_X  |k BUD